000 00751nam a22001817a 4500
999 _c371739
_d371739
008 201127b ||||| |||| 00| 0 eng d
040 _aDE-2950
_bger
_cDE-2950
_erda
041 _ager
245 _a15 mal die Traumnote 1,0 auf dem Abiturzeugnis.
_bAbschluss. Junge Menschen aus Frankfurt waren diesmal besonders erfolgreich. Ausbildung, Studium, Work and Travel - wie sie nun durchstarten wollen/
_cPhilipp Stepputis
264 _c2022
653 _aFrankfurt (Oder)
653 _aAbitur 2022
773 _dFrankfurt (Oder) Märkisches Verlags- und Druckhaus GmbH & Co KG
_tMärkische Oderzeitung
_g33. Jahrgang (2022) Nr. 158 vom 09./10.07.2022, S. 19: Foto
942 _cA